Bytový dom

Saved in:
Bibliographic Details
Main Author: Hudec, Samuel (Author)
Other Authors: Švolík, Milan (Thesis advisor)
Format: Manuscript Book
Language:Slovak
Published: 2024
Subjects:
Online Access:http://is.stuba.sk/zp/portal_zp.pl?podrobnosti=177266
https://opac.crzp.sk/?fn=detailBiblioForm&sid=E866CA411CD4E51490B68269BB2C
Tags: Add Tag
No Tags, Be the first to tag this record!

MARC

LEADER 00000ntm a22000003a 4500
001 stuzp99691
003 SK-STU
005 20240917142550.8
007 ta
008 150427s2015----xo-----f-mn---000-0-slo-d
040 |a STU  |b slo 
041 0 |a slo 
100 1 |a Hudec, Samuel  |u 010270  |4 aut  |U SvF Stavebná fakulta  |T SvF Katedra technológie stavieb  |X 103864  |U V270  |Y 28  |7 103864 
242 0 1 |a Residential House  |y eng 
245 1 0 |a Bytový dom 
260 |c 2024 
650 4 |a energetické pilóty  |2 slo 
650 4 |a projekt organizácie výstavby  |2 slo 
650 4 |a časový harmonogram  |2 slo 
650 4 |a energy piles  |2 eng 
650 4 |a construction organization project  |2 eng 
650 4 |a time schelud  |2 eng 
700 1 |a Švolík, Milan  |u 010270  |k Z3  |4 ths  |U SvF Stavebná fakulta  |T SvF Katedra technológie stavieb  |X 75539  |U V270  |Y 28  |7 75539 
856 4 |u http://is.stuba.sk/zp/portal_zp.pl?podrobnosti=177266 
856 4 |u https://opac.crzp.sk/?fn=detailBiblioForm&sid=E866CA411CD4E51490B68269BB2C